MARC details
| 000 -LEADER |
| fixed length control field |
01506nam a2200277 a 4500 |
| 008 - FIXED-LENGTH DATA ELEMENTS--GENERAL INFORMATION |
| fixed length control field |
190715s2002 ||||||||||||||||| || u |
| 020 ## - INTERNATIONAL STANDARD BOOK NUMBER |
| International Standard Book Number |
9783540420743 |
| 050 ## - LIBRARY OF CONGRESS CALL NUMBER |
| Classification number |
QA 911 Fer |
| 100 ## - MAIN ENTRY--PERSONAL NAME |
| Personal name |
Ferziger, Joel H |
| 245 10 - TITLE STATEMENT |
| Title |
Computational methods for fluid dynamics. (3rd revised edition) |
| Statement of responsibility, etc. |
By Joel H. Ferziger ; Milovan Peric |
| 250 ## - EDITION STATEMENT |
| Edition statement |
3rd revised edition |
| 260 ## - PUBLICATION, DISTRIBUTION, ETC. |
| Place of publication, distribution, etc. |
Stanford |
| Name of publisher, distributor, etc. |
Springer |
| Date of publication, distribution, etc. |
2002 |
| 260 ## - PUBLICATION, DISTRIBUTION, ETC. |
| Place of publication, distribution, etc. |
Stanford |
| Name of publisher, distributor, etc. |
Springer-Verlag |
| Date of publication, distribution, etc. |
2002 |
| 300 ## - PHYSICAL DESCRIPTION |
| Extent |
xiv, 423 pages : illustrations |
| 650 ## - SUBJECT ADDED ENTRY--TOPICAL TERM |
| Topical term or geographic name entry element |
MECHANICS, APPLIED |
| 650 ## - SUBJECT ADDED ENTRY--TOPICAL TERM |
| Topical term or geographic name entry element |
HYDRAULIC ENGINEERING |
| 650 ## - SUBJECT ADDED ENTRY--TOPICAL TERM |
| Topical term or geographic name entry element |
ENGINEERING |
| 650 ## - SUBJECT ADDED ENTRY--TOPICAL TERM |
| Topical term or geographic name entry element |
MATHEMATICAL PHYSICS |
| 650 #0 - SUBJECT ADDED ENTRY--TOPICAL TERM |
| Topical term or geographic name entry element |
COMPUTATIONAL FLUID DYNAMICS |
| 700 ## - ADDED ENTRY--PERSONAL NAME |
| Personal name |
Peric, Milovan |
| 995 ## - |
| -- |
MAIN LIBRARY OPEN ACCESS |
| -- |
58.04 |
| -- |
749424 |
| -- |
CBU-MAIN LIBRARY (Kitwe) |
| -- |
QA 911 Fer |
| -- |
3 |
| -- |
AVAILABLE |
| -- |
Jul 16, 2019 |
| -- |
749424 |
| -- |
Main Library Open Access Collection |
| 995 ## - |
| -- |
MAIN LIBRARY OPEN ACCESS |
| -- |
58.04 |
| -- |
749423 |
| -- |
CBU-MAIN LIBRARY (Kitwe) |
| -- |
QA 911 Fer |
| -- |
4 |
| -- |
AVAILABLE |
| -- |
Jul 16, 2019 |
| -- |
749423 |
| -- |
Main Library Open Access Collection |
| 995 ## - |
| -- |
SHORT LOAN BOOKS |
| -- |
750069 |
| -- |
CBU-MAIN LIBRARY (Kitwe) |
| -- |
QA 911 Fer |
| -- |
5 |
| -- |
AVAILABLE |
| -- |
Dec 5, 2019 |
| -- |
750069 |
| -- |
Short Loan Collection |
| 995 ## - |
| -- |
MAIN LIBRARY OPEN ACCESS |
| -- |
58.04 |
| -- |
749426 |
| -- |
CBU-MAIN LIBRARY (Kitwe) |
| -- |
QA 911 Fer |
| -- |
1 |
| -- |
AVAILABLE |
| -- |
Jul 16, 2019 |
| -- |
749426 |
| -- |
Main Library Open Access Collection |
| 995 ## - |
| -- |
MAIN LIBRARY OPEN ACCESS |
| -- |
58.04 |
| -- |
749425 |
| -- |
CBU-MAIN LIBRARY (Kitwe) |
| -- |
QA 911 Fer |
| -- |
2 |
| -- |
AVAILABLE |
| -- |
Jul 16, 2019 |
| -- |
749425 |
| -- |
Main Library Open Access Collection |
| 999 ## - |
| -- |
79643 |
| -- |
79643 |